000 00525nam a2200181Ia 4500
005 20250508162020.0
008 008 250505s9999 xx 000 0 eng d
037 _aTextual
040 _aFEDL
_beng
_cFEDL
041 _aeng
_2eng
084 _a371.394, SOR
_qFEDL
100 _aSorenson Juanita S
245 0 _aUnit leader and individually guided education
260 _aReading
_bAddison-Wesley Publishing Company
_c1976
300 _a590p.
942 _cTEXL
_h371.394, SOR
999 _c1373838
_d1373838